000 00875cam a2200289 a 4500
003 OSt
005 20140310184526.0
008 000527r19991975nyua b 000 1 eng
010 _a 00267633
020 _a043922702X
040 _aDLC
_cDLC
042 _alcac
050 0 0 _aPZ 7
_b.W46843Mo 1975
100 1 _aWells, Rosemary.
_930275
245 1 0 _aMorris's disappearing bag /
_cRosemary Wells.
260 _aNew York :
_bScholastic inc.,
_c1975.
300 _a40 p. :
_bcol. ill. ;
_c28 cm.
500 _aNew illustrations by the author.
521 1 _aG2
526 _c360
650 1 _aChristmas
_xFiction.
_930276
650 1 _aRabbits
_xFiction.
_930277
906 _a7
_bcbc
_corigcop
_d2
_encip
_f20
_gy-gencatlg
942 _2lcc
_cBK-SCHOLAS
999 _c35139
_d35139